Rainer Werner Fassbinder

Saved in:
Bibliographic Details
Other Authors: Παπαγιαννοπούλου, Ναταλία (trlf), Εμμανουήλ, Άρης (Editor)
Format: Book
Language:Greek
Published: Αθήνα : Πλέθρον, c1985.
Series:Πρόσωπα και ιδέες. Κινηματογράφος ; 6
Subjects:
Tags: Add Tag
No Tags, Be the first to tag this record!

MARC

LEADER 00000cam a2200000 i 4500
001 1/32369
008 941103s1985####gr | ||| |||| ||gre||
020 |a 9607599446 
035 |a 1994  |c ΒΙΒΛΙΟΘΗΚΗ  |l 10039079 
040 |a GR-MY-UA  |b gre  |e aacr 
041 1 |a gre 
082 0 |a 791.430233092 
245 1 0 |a Rainer Werner Fassbinder /   |c μετάφραση Νατάλια Παπαγιαννοπούλόυ ; επιμέλεια Αρης Εμμανουήλ.  
246 3 3 |i Ά΄΄ες παραλλαγές του τίτλου:   |a Φασμπίντερ 
260 |a Αθήνα :   |b Πλέθρον,   |c c1985.  
300 |a 269 σ. ;   |c 19 εκ.  
490 1 |a (Πρόσωπα και ιδέες. Κινηματογράφος   |v ; 6)  
504 |a Περιέχει φιλμογραφία 
500 |a Κείμενα P.Iden, P.W.Jansen, Y.Karsunke, H.H Prinzler, W.Roth, W. schutte, W.Wiegand. 
600 1 0 |a Fassbinder, Rainer Warner,   |d 1945-1982. 
650 0 0 |a Film critics. 
650 0 0 |a Motion pictures  |x Catalogs. 
650 0 0 |a Motion picture producers and directors  |x Biography. 
650 0 0 |a Motion pictures. 
700 1 |a Παπαγιαννοπούλου, Ναταλία,  |e trlf 
700 1 |a Εμμανουήλ, Άρης,  |e edt 
830 0 |a Πρόσωπα και ιδέες.   |p Κινηματογράφος ;  |v  6 
852 |a INST  |b SAMOS  |e 19941103  |h 791.430233092 RAI  |p 005300006617  |q 005300006617  |t BK  |y 0 
909 |a Σ  |b 035434